00430nam a2200169Ia 4500003000400000005001700004008004100021020001800062040000900080082001800089100001900107245004100126250001200167260005700179300001000236650001400246OSt20200821150115.0190216s9999||||xx |||||||||||||| ||und|| a9788122430868 coclc a615.19bKAR/M aKar, Ashutosh  0aMedicinal Chemistry /cAshutosh Kar  a5th Ed. bNew Age International Publishers,c2010.aNew Delhi: a1013p aChemistry